| 000 | 01065nam a2200253 a 4500 | ||
|---|---|---|---|
| 001 | 72149 | ||
| 003 | BD-RjUL | ||
| 005 | 20211209082222.0 | ||
| 008 | 170514s1977 ii |||| |||| 000 0 ben d | ||
| 020 | _c: Tk. 20.00 | ||
| 035 | _a(BD-RjUL)72365 | ||
| 040 |
_aBD-RjUL _bben _cBD-RjUL _dBD-RjUL |
||
| 041 | _aben | ||
| 082 |
_223 _a891.44109 _bBAK 1977 |
||
| 100 | 1 |
_aবামন, আচার্য _9213379 |
|
| 245 | 1 | 0 |
_aকাব্যালংকারসূত্রবৃত্তি / _cআচার্য বামন, অনিল চন্দ্র বসু-সম্পাদিত |
| 250 | _a১ম ও ৩য় সং, | ||
| 260 |
_aকলিকাতা : _bসংস্কৃত পুস্তক ভান্ডার, _c১৯৭৭ |
||
| 300 |
_a২০৮ পৃ. ; _c১৭ সেমি. |
||
| 650 |
_aবাংলা কবিতা _xইতিহাস ও সমালোচনা _9213380 |
||
| 650 |
_aBengali poetry _xHistory and criticism _9213381 |
||
| 700 |
_aবসু, অনিল চন্দ্র _9213382 |
||
| 942 |
_2ddc _cBK |
||
| 999 |
_c72149 _d72149 |
||